| 000 | 00527nam a2200157 i 4500 | ||
|---|---|---|---|
| 001 | 83763 | ||
| 003 | ES-MaACL | ||
| 005 | 20230906174904.0 | ||
| 007 | t| | ||
| 008 | 041118s1947 xxk ||||1| spa d | ||
| 245 | 0 | 4 | _aLas Islas Británicas. |
| 260 |
_aLondon : _b[Asociación de Turismo de Gran Bretaña e Irlanda del Norte, _c1947] ( _fAlabaster, Passmore and Sons) |
||
| 300 |
_a72 p. : _bil. ; _c19 cm. |
||
| 710 | 2 |
_aAsociación de Turismo (Gran Bretaña e Irlanda del Norte) _91634 |
|
| 852 |
_aES-MaACL _j1906-F-16 _bR.25625 |
||
| 999 |
_c83763 _d83763 |
||